000 00255nam a22001217a 4500
003 SGT
082 _a305.231
_bMIT
100 _aMITTAL, DR. SUJATA
245 _aCHILD DEVELOPMENT
260 _aDELHI
_bISHA BOOK
_c2004
300 _a282
942 _2ddc
_cBK
999 _c18957
_d18957